<?xml version="1.0" encoding="UTF-8"?>
<record
    xmlns:xsi="http://www.w3.org/2001/XMLSchema-instance"
    xsi:schemaLocation="http://www.loc.gov/MARC21/slim http://www.loc.gov/standards/marcxml/schema/MARC21slim.xsd"
    xmlns="http://www.loc.gov/MARC21/slim">

  <leader>01072nam a22002057a 4500</leader>
  <controlfield tag="005">20250110115035.0</controlfield>
  <datafield tag="010" ind1=" " ind2=" ">
    <subfield code="a">B-761616</subfield>
  </datafield>
  <datafield tag="020" ind1=" " ind2=" ">
    <subfield code="c">450.00</subfield>
    <subfield code="a">9789381078075</subfield>
  </datafield>
  <datafield tag="035" ind1=" " ind2=" ">
    <subfield code="a">B-761616</subfield>
  </datafield>
  <datafield tag="037" ind1=" " ind2=" ">
    <subfield code="b">&#x909;&#x92A;&#x939;&#x93E;&#x930;</subfield>
  </datafield>
  <datafield tag="082" ind1=" " ind2=" ">
    <subfield code="a">&#x915;</subfield>
  </datafield>
  <datafield tag="245" ind1=" " ind2=" ">
    <subfield code="a">&#x936;&#x94D;&#x930;&#x947;&#x937;&#x94D;&#x920; &#x938;&#x93E;&#x939;&#x93F;&#x924;&#x94D;&#x92F;&#x915;&#x93E;&#x930;&#x94B;&#x902; &#x915;&#x940; &#x92A;&#x941;&#x930;&#x938;&#x94D;&#x915;&#x943;&#x924; &#x915;&#x939;&#x93E;&#x928;&#x93F;&#x92F;&#x93E;&#x901; -1 /</subfield>
    <subfield code="c">&#x92E;&#x94B;&#x91C;&#x93C;&#x947;&#x91C; &#x92E;&#x93E;&#x907;&#x915;&#x947;&#x932; &#x926;&#x94D;&#x935;&#x93E;&#x930;&#x93E; &#x938;&#x902;&#x915;&#x932;&#x93F;&#x924;,&#x938;&#x902;&#x92A;&#x93E;&#x926;&#x93F;&#x924; &#x90F;&#x935;&#x902; &#x905;&#x928;&#x941;&#x935;&#x93E;&#x926;&#x93F;&#x924;</subfield>
  </datafield>
  <datafield tag="246" ind1=" " ind2=" ">
    <subfield code="a">Sreshth Sahityakaron ki Puraskar Kahaniyan-1</subfield>
    <subfield code="b">Ed by Moses Michael</subfield>
  </datafield>
  <datafield tag="260" ind1=" " ind2=" ">
    <subfield code="a">&#x928;&#x908; &#x926;&#x93F;&#x932;&#x94D;&#x932;&#x940;</subfield>
    <subfield code="b">&#x930;&#x940;&#x924;&#x942; &#x92A;&#x94D;&#x930;&#x915;&#x93E;&#x936;&#x928;</subfield>
    <subfield code="c">2022</subfield>
  </datafield>
  <datafield tag="270" ind1=" " ind2=" ">
    <subfield code="a">&#x92C;&#x940;-400, &#x91C;&#x940;.&#x921;&#x940;. &#x915;&#x949;&#x932;&#x94B;&#x928;&#x940; &#x92E;&#x92F;&#x942;&#x930; &#x935;&#x93F;&#x939;&#x93E;&#x930; &#x92B;&#x947;&#x938;-111</subfield>
    <subfield code="b"> &#x926;&#x93F;&#x932;&#x94D;&#x932;&#x940;</subfield>
    <subfield code="e">110096</subfield>
  </datafield>
  <datafield tag="300" ind1="1" ind2=" ">
    <subfield code="a">135&#x92A;&#x943;.</subfield>
    <subfield code="c">23 &#x938;&#x947;&#x92E;&#x940; (&#x938;&#x91C;&#x93F;&#x932;&#x94D;&#x926;)</subfield>
  </datafield>
  <datafield tag="700" ind1=" " ind2=" ">
    <subfield code="a">&#x92E;&#x94B;&#x91C;&#x93C;&#x947;&#x91C; &#x92E;&#x93E;&#x907;&#x915;&#x947;&#x932;</subfield>
    <subfield code="9">76332</subfield>
  </datafield>
  <datafield tag="942" ind1=" " ind2=" ">
    <subfield code="a">dpl</subfield>
    <subfield code="c">HN</subfield>
    <subfield code="2">ddc</subfield>
    <subfield code="m">&#x936;&#x94D;&#x930;&#x947;&#x937;&#x94D;&#x920;&#x938;&#x93E;</subfield>
    <subfield code="h">&#x915;</subfield>
  </datafield>
  <datafield tag="999" ind1=" " ind2=" ">
    <subfield code="c">208357</subfield>
    <subfield code="d">208357</subfield>
  </datafield>
  <datafield tag="952" ind1=" " ind2=" ">
    <subfield code="0">0</subfield>
    <subfield code="1">0</subfield>
    <subfield code="3">&#x92D;&#x93E;-1</subfield>
    <subfield code="4">0</subfield>
    <subfield code="7">0</subfield>
    <subfield code="8">FIC</subfield>
    <subfield code="a">RC3SP</subfield>
    <subfield code="b">RC3SP</subfield>
    <subfield code="d">2025-01-10</subfield>
    <subfield code="e">&#x909;&#x92A;&#x939;&#x93E;&#x930;/06/01/2025</subfield>
    <subfield code="g">450.00</subfield>
    <subfield code="l">0</subfield>
    <subfield code="o">&#x936;&#x94D;&#x930;&#x947;&#x937;&#x94D;&#x920;&#x938;&#x93E; &#x915;</subfield>
    <subfield code="p">B-761616</subfield>
    <subfield code="r">2025-01-10 00:00:00</subfield>
    <subfield code="t">1</subfield>
    <subfield code="v">450.00</subfield>
    <subfield code="w">2025-01-10</subfield>
    <subfield code="y">HN</subfield>
    <subfield code="z">&#x909;&#x92A;&#x939;&#x93E;&#x930;</subfield>
  </datafield>
</record>
